SBB Knowledge Quiz - Statistics

General Stats
  • This quiz has been taken 54 times
  • The average score is 8 of 15
Answer Stats
Question Answer % Correct
What is the official abbreviation for the Swiss Federal Railways in French? CFF
92%
Which category of train does not exist? City Express
92%
What is the biggest trainstation? Zurich
92%
Who is the CEO of SBB? Vincent Ducrot
78%
How many jingles does the SBB have? 3
76%
What is the average punctuality rate of SBB Trains? 93%
60%
Which of these ticket options does not exist? Seilbahnpass
58%
In which direction is sector A located? towards Zurich
52%
How much of the stocks are owned by the state? 100%
50%
When was the SBB founded? 1902
40%
How many passengers a day does the SBB service? 1.39 Million
32%
How many trains does the SBB have? (May 2025) 710
30%
How much profit did the SBB make in the year 2024? 275 Million CHF
28%
How many trainstations are there in total? 801
28%
Which station gets passed the most? (without the passengers stepping out) Effretikon
28%
No matching quizzes found
Score Distribution
Percent of People with Each Score
Percentile by Number Answered
Your Score History
You have not taken this quiz